सूचना प्रौद्योगिकी और समाचार-पत्र / (Record no. 15995)
[ view plain ]
| 000 -LEADER | |
|---|---|
| fixed length control field | 01481nam a22002657a 4500 |
| 005 - DATE AND TIME OF LATEST TRANSACTION | |
| control field | 20080929100926.0 |
| 008 - FIXED-LENGTH DATA ELEMENTS--GENERAL INFORMATION | |
| fixed length control field | 080929t xxu||||| |||| 00| 0 hin d |
| 010 ## - LCCN (DPL NO) | |
| LC control number | B-281332 |
| 020 ## - INTERNATIONAL STANDARD BOOK NUMBER | |
| International Standard Book Number | 8183610242 |
| Terms of availability | 150.00 |
| 035 ## - SYSTEM CONTROL NUMBER | |
| System control number | B-281332 |
| 035 ## - SYSTEM CONTROL NUMBER | |
| System control number | B-242189 |
| 035 ## - SYSTEM CONTROL NUMBER | |
| System control number | B-202079 |
| 037 ## - SOURCE OF ACQUISITION | |
| Source of stock number/acquisition | BPPD |
| 040 ## - CATALOGING SOURCE | |
| Original cataloging agency | DPL |
| Language of cataloging | HN |
| 082 ## - DEWEY DECIMAL CLASSIFICATION NUMBER | |
| Classification number | 070.172 |
| 100 ## - MAIN ENTRY--PERSONAL NAME | |
| Personal name | शुक्ला, रवीन्द्र |
| 9 (RLIN) | 40375 |
| 245 ## - TITLE STATEMENT | |
| Title | सूचना प्रौद्योगिकी और समाचार-पत्र / |
| Statement of responsibility, etc | रवीन्द्र शुक्ला |
| 260 ## - PUBLICATION, DISTRIBUTION, ETC. (IMPRINT) | |
| Place of publication, distribution, etc | नई दिल्ली |
| Name of publisher, distributor, etc | राधाकृष्ण प्रकाशन |
| Date of publication, distribution, etc | 2005 |
| 270 ## - ADDRESS | |
| Address | 7/31, अंसारी रोड़, दरियागंज |
| City | नई दिल्ली |
| Postal code | 110002 |
| 300 ## - PHYSICAL DESCRIPTION | |
| Extent | 132 पृ. |
| Other physical details | 22 सेमी (सजिल्द) |
| 942 ## - ADDED ENTRY ELEMENTS (KOHA) | |
| Source of classification or shelving scheme | Dewey Decimal Classification |
| Item type | Hindi Books |
| Classification part | 070.172 |
| Call number suffix | शुक्लार |
| Withdrawn status | Lost status | Source of classification or shelving scheme | Damaged status | Not for loan | Collection code | Home library | Current library | Date acquired | Source of acquisition | Cost, normal purchase price | Total Checkouts | Full call number | Barcode | Date last seen | Copy number | Cost, replacement price | Koha item type |
|---|---|---|---|---|---|---|---|---|---|---|---|---|---|---|---|---|---|
| Dewey Decimal Classification | Non-fiction | Sarojini Nagar | Sarojini Nagar | 30/01/2012 | 150.00 | 070.172 शुक्लार | B-242189 | 30/01/2012 | 150.00 | Hindi Books | |||||||
| Dewey Decimal Classification | Non-fiction | Sarojini Nagar | Sarojini Nagar | 30/01/2012 | 150.00 | 070.172 शुक्लार | B-202079 | 30/01/2012 | 150.00 | Hindi Books | |||||||
| Dewey Decimal Classification | Non-fiction | Vinoba Puri | Vinoba Puri | 29/09/2008 | BPPD / | 150.00 | 1 | 070.172 शुक्लार | B-281332 | 09/05/2014 | 1 | 150.00 | Hindi Books |
